The role of the project manager (Record no. 82589)
[ view plain ]
| 000 -LEADER | |
|---|---|
| fixed length control field | 00673cab a22002295a 4500 |
| 001 - CONTROL NUMBER | |
| control field | L150651 |
| 008 - FIXED-LENGTH DATA ELEMENTS--GENERAL INFORMATION | |
| fixed length control field | 100809e2010 xxk 000 0 eng d |
| 035 ## - SYSTEM CONTROL NUMBER | |
| System control number | (Sirsi) u150651 |
| 041 0# - LANGUAGE CODE | |
| Language code of text/sound track or separate title | eng |
| 050 ## - LIBRARY OF CONGRESS CALL NUMBER | |
| Classification number | 658.404 $2 18 |
| 100 1# - MAIN ENTRY--PERSONAL NAME | |
| Personal name | Somerville, James |
| 245 04 - TITLE STATEMENT | |
| Title | The role of the project manager |
| Remainder of title | all things to all people? |
| Medium | [electronic resource] |
| 260 ## - PUBLICATION, DISTRIBUTION, ETC. | |
| Date of publication, distribution, etc. | 2010 |
| 490 ## - SERIES STATEMENT | |
| Series statement | Structural Survey |
| Volume/sequential designation | 28(2) 2010, 132-141(10) |
| 520 ## - SUMMARY, ETC. | |
| Summary, etc. | Examines the current roles of a construction project manager. |
| 590 ## - LOCAL NOTE (RLIN) | |
| Local note | KA |
| 651 #4 - SUBJECT ADDED ENTRY--GEOGRAPHIC NAME | |
| Geographic name | United Kingdom |
| 690 ## - LOCAL SUBJECT ADDED ENTRY--TOPICAL TERM (OCLC, RLIN) | |
| Topical term or geographic name as entry element | Project management |
| 9 (RLIN) | 6261 |
| 700 1# - ADDED ENTRY--PERSONAL NAME | |
| Personal name | Craig, Nigel |
| 700 1# - ADDED ENTRY--PERSONAL NAME | |
| Personal name | Hendry, Julie |
| 942 ## - ADDED ENTRY ELEMENTS (KOHA) | |
| Suppress in OPAC | 0 |
| Source of classification or shelving scheme | Dewey Decimal Classification |
| Withdrawn status | Lost status | Source of classification or shelving scheme | Damaged status | Not for loan | Home library | Current library | Shelving location | Date acquired | Total Checkouts | Full call number | Barcode | Date last seen | Copy number | Price effective from | Koha item type |
|---|---|---|---|---|---|---|---|---|---|---|---|---|---|---|---|
| Dewey Decimal Classification | London | London | Books | 09/08/2010 | L150651 | 150651-1001 | 06/08/2019 | 1 | 06/08/2019 | Book |